000 00721nam a22002537a 4500
001 3856
003 FISKH
005 20240521083632.0
008 240517b cb ||||| |||| 00| 0 eng d
040 _aFISK
_beng
_cFISK
_dFISK
050 _aPZ7.S75663
082 _a813.54
100 _aSpinelli Jerry
_d1941-
245 _aThe library card /
_cJerry Spinelli
260 _aNew York :
_bScholastic,
_c1998
300 _a148 pages :
_c20 cm
505 _aM
520 _aThe lives of four young people in different circumstances are changed by their encounters with books.
521 8 _a690
_bLexiles
521 8 _aM
_bRaz-Plus
700 _aJerry Spinelli
942 _2ddc
_cBK
_n0
999 _c3856
_d3856